<?xml version="1.0" encoding="UTF-8"?>
<collection xmlns="http://www.loc.gov/MARC21/slim">
    <record>
        <controlfield tag="001">70636</controlfield>
        <controlfield tag="005">20180531095510.0</controlfield>
        <datafield tag="024" ind1="8" ind2=" ">
            <subfield code="2">sideral</subfield>
            <subfield code="a">106092</subfield>
        </datafield>
        <datafield tag="037" ind1=" " ind2=" ">
            <subfield code="a">ART-2017-106092</subfield>
        </datafield>
        <datafield tag="041" ind1=" " ind2=" ">
            <subfield code="a">spa</subfield>
        </datafield>
        <datafield tag="100" ind1=" " ind2=" ">
            <subfield code="a">Martín Diana, Ana Belén</subfield>
        </datafield>
        <datafield tag="245" ind1=" " ind2=" ">
            <subfield code="a">Informe del Comité Científico de la Agencia Española de Consumo, Seguridad Alimentaria y Nutrición (AECOSAN), sobre fotodepiladores domésticos</subfield>
        </datafield>
        <datafield tag="260" ind1=" " ind2=" ">
            <subfield code="c">2017</subfield>
        </datafield>
        <datafield tag="506" ind1="0" ind2=" ">
            <subfield code="a">Access copy available to the general public</subfield>
            <subfield code="f">Unrestricted</subfield>
        </datafield>
        <datafield tag="520" ind1="3" ind2=" ">
            <subfield code="a">El Comité Científico (Sección Consumo) de la Agencia Española de Consumo, Seguridad Alimentaria y Nutrición (AECOSAN) ha elaborado este informe con el objeto de evaluar el riesgo de uso de los fotodepiladores domésticos. Este informe científico analiza los posibles efectos adversos (directos e indirectos) derivados de su uso, así como los aspectos sociológicos. El comité científico concluye, sobre la base de la información científico-técnica disponible, que no es posible analizar los aspectos de seguridad necesarios para el uso de estos dispositivos. Existe una falta de datos que procedan de estudios científico-técnicos que tengan en cuenta los posibles riesgos directos e indirectos de la exposición a corto y largo plazo de las diferentes clases/tipos de fotodepiladores domésticos, así como el potencial desarrollo de reacciones por fotosensibilidad y otros potenciales efectos adversos asociados a la exposición a sustancias volátiles, potencialmente peligrosas, que son liberadas durante la operación de eliminación del vello corporal.
Este Comité considera conveniente que las autoridades competentes valoren la necesidad de que se lleven a cabo, por los responsables de su comercialización, estudios científico-técnicos que evalúen los riesgos directos e indirectos resultantes de la exposición a corto plazo y largo plazo, de las diferentes clases/tipos de fotodepiladores domésticos al objeto de poder evaluar su seguridad en el uso.
Aunque existen distintos aspectos recogidos en las normas legales, reglamentarias y administrativas aplicables a estos dispositivos, el marco jurídico existente no es su ciente para garantizar la seguridad de estos dispositivos antes, durante y después del uso. A juicio de este Comité Científico, también existe una falta de legislación armonizada para todas las tecnologías implicadas en este grupo de dispositivos y sugiere revisar la regulación existente desarrollando una legislación específica para este tipo de dispositivos, especialmente los domésticos.</subfield>
        </datafield>
        <datafield tag="540" ind1=" " ind2=" ">
            <subfield code="9">info:eu-repo/semantics/openAccess</subfield>
            <subfield code="a">by</subfield>
            <subfield code="u">http://creativecommons.org/licenses/by/3.0/es/</subfield>
        </datafield>
        <datafield tag="655" ind1=" " ind2="4">
            <subfield code="a">info:eu-repo/semantics/article</subfield>
            <subfield code="v">info:eu-repo/semantics/publishedVersion</subfield>
        </datafield>
        <datafield tag="700" ind1=" " ind2=" ">
            <subfield code="a">Herrero Sinovas, Marceliano</subfield>
        </datafield>
        <datafield tag="700" ind1=" " ind2=" ">
            <subfield code="a">Izquierdo Carrasco,  Manuel</subfield>
        </datafield>
        <datafield tag="700" ind1=" " ind2=" ">
            <subfield code="0">(orcid)0000-0002-3133-7402</subfield>
            <subfield code="a">Arpio Santacruz, Juan</subfield>
            <subfield code="u">Universidad de Zaragoza</subfield>
        </datafield>
        <datafield tag="700" ind1=" " ind2=" ">
            <subfield code="a">Anadón Navarro, Arturo</subfield>
        </datafield>
        <datafield tag="700" ind1=" " ind2=" ">
            <subfield code="a">Díaz Méndez, Cecilia</subfield>
        </datafield>
        <datafield tag="700" ind1=" " ind2=" ">
            <subfield code="a">Muniategui Lorenzo, Soledad</subfield>
        </datafield>
        <datafield tag="710" ind1="2" ind2=" ">
            <subfield code="1">4003</subfield>
            <subfield code="2">165</subfield>
            <subfield code="a">Universidad de Zaragoza</subfield>
            <subfield code="b">Departamento de Derecho de la Empresa</subfield>
            <subfield code="c">Derecho Mercantil</subfield>
        </datafield>
        <datafield tag="773" ind1=" " ind2=" ">
            <subfield code="g">25 (2017), 55-86</subfield>
            <subfield code="p">Rev. Com. Cient. AESA</subfield>
            <subfield code="t">Revista del Comité Científico de la AESA</subfield>
            <subfield code="x">1885-6586</subfield>
        </datafield>
        <datafield tag="856" ind1="4" ind2="1">
            <subfield code="u">http://www.aecosan.msssi.gob.es/AECOSAN/docs/documentos/consumo/Calidad_Seguridad/Comite_Cientifico/Informes/rcc25fotodepiladoresDomesticos2017007.pdf</subfield>
            <subfield code="z">Texto completo de la revista</subfield>
        </datafield>
        <datafield tag="856" ind1="4" ind2=" ">
            <subfield code="s">463497</subfield>
            <subfield code="u">http://zaguan.unizar.es/record/70636/files/texto_completo.pdf</subfield>
            <subfield code="y">Versión publicada</subfield>
        </datafield>
        <datafield tag="856" ind1="4" ind2=" ">
            <subfield code="s">66373</subfield>
            <subfield code="u">http://zaguan.unizar.es/record/70636/files/texto_completo.jpg?subformat=icon</subfield>
            <subfield code="x">icon</subfield>
            <subfield code="y">Versión publicada</subfield>
        </datafield>
        <datafield tag="909" ind1="C" ind2="O">
            <subfield code="o">oai:zaguan.unizar.es:70636</subfield>
            <subfield code="p">articulos</subfield>
            <subfield code="p">driver</subfield>
        </datafield>
        <datafield tag="951" ind1=" " ind2=" ">
            <subfield code="a">2018-05-31-09:49:00</subfield>
        </datafield>
        <datafield tag="980" ind1=" " ind2=" ">
            <subfield code="a">ARTICLE</subfield>
        </datafield>
    </record>

    
</collection>